| 000 | 00391nam a22001697a 4500 | ||
|---|---|---|---|
| 020 | _a- | ||
| 082 | _a658.15 BRI | ||
| 100 | _aBrigham, Eugene | ||
| 245 | _aFinancial Management: theory and practice | ||
| 250 | _a11 th. | ||
| 260 |
_a- _b- _c- |
||
| 300 | _axxiii, 1000 p. | ||
| 500 | _aIncludes index. | ||
| 650 | _aFinancial management | ||
| 700 | _aEhrhardt, Micheal C. | ||
| 942 | _cBK | ||
| 999 |
_c13221 _d13221 |
||